000 00509nam a2200205Ia 4500
005 20240823025459.0
008 240823s9999||||xx |||||||||||||| ||und||
020 _a978-1-55860-901-3
041 _aENGLISH
082 _A005.7565 Q0
100 _a"Han,Jiawei"
245 0 _aData Mining : Connepts and Techniques
250 _a2nd
260 _c2010
_bEls
_aJapan
500 _aTRANSFERED
650 _aData Mining
_bComputer Science
700 _a" Hamber,Michelene"
942 _cBK
999 _c186419
_d186419